Úverové riziko v procese finančného rozhodovania

Finančné rozhodovanie podniku. Vplyv vybraných ekonomických ukazovateľov na úverové riziko. Štruktúra likvidity a úverové riziko. Vplyv zadlženosti na výšku úverového rizika. Peňažné toky a výška úverového rizika. Vzorce.

Saved in:
Bibliographic Details
Main Author: Czillingová, Jana
Format: Book Chapter
Language:Slovak
Subjects:
Tags: Add Tag
No Tags, Be the first to tag this record!

MARC

LEADER 00000naa$a2200000$$$4500
001 0018940
005 20240502071407.3
041 0 |a slo 
044 |a SK 
245 1 0 |a Úverové riziko v procese finančného rozhodovania  |c Jana Czillingová 
520 |a Finančné rozhodovanie podniku. Vplyv vybraných ekonomických ukazovateľov na úverové riziko. Štruktúra likvidity a úverové riziko. Vplyv zadlženosti na výšku úverového rizika. Peňažné toky a výška úverového rizika. Vzorce. 
610 2 0 |a riziko úverové 
610 2 0 |a podnik 
610 2 0 |a rozhodovanie finančné 
610 2 0 |a ukazovatele ekonomické 
610 2 0 |a likvidita 
610 2 0 |a zadlženosť 
610 2 0 |a cash flow 
100 1 |a Czillingová, Jana